Travelers' Century Club countries and territories - Statistics

General Stats
  • This quiz has been taken 13 times
  • The average score is 211 of 322
Answer Stats
Answer % Correct
Algeria
100%
Andorra
100%
Argentina
100%
Argentine Antarctica (Palmer Peninsula)
100%
Azores Islands
100%
British Antarctic Territory
100%
Bulgaria
100%
Canada
100%
Chilean Antarctica (Palmer Peninsula)
100%
Colombia
100%
Croatia
100%
Finland
100%
French Southern and Antarctic Territory (Kerguelen, Crozet, Amsterdam, St. Paul)
100%
Greenland
100%
Liechtenstein
100%
Lithuania
100%
Mozambique
100%
New Zealand Antarctica (Ross Dependency)
100%
Nicaragua
100%
Norway
100%
Norwegian Antarctica (Queen Maud Land, Bouvet)
100%
Reunion and Deps. (Tromelin, Glorioso)
100%
Sweden
100%
Switzerland
100%
Togo
100%
Venezuela
100%
Abu Dhabi
75%
Afghanistan
75%
Aland Islands
75%
Alaska
75%
Albania
75%
Angola
75%
Anguilla
75%
Antigua and Barbuda, Redonda
75%
Armenia
75%
Ascension
75%
Australia
75%
Australian Antarctic Territory South Pole (Mawson, Davis, Macquarie, Heard)
75%
Austria
75%
Azerbaijan
75%
Bahamas
75%
Bahrain
75%
Barbados
75%
Belarus
75%
Belgium
75%
Belize
75%
Benin
75%
Bismark Archipelago (New Ireland, New Britain, Bougainville, Admiralty Islands)
75%
Bolivia
75%
British Indian Ocean Territory (Chagos Archipelago, Diego Garcia)
75%
British Virgin Islands
75%
Burkina Faso
75%
Burundi
75%
Cabinda
75%
Cambodia
75%
Canary Islands
75%
Cayman Islands
75%
Central African Republic
75%
Chad
75%
Chile
75%
China
75%
Christmas Island
75%
Cocos Islands (Keeling)
75%
Comoro Islands (Anjouan, Moheli, Grand Comoro)
75%
Corsica
75%
Costa Rica
75%
Cyprus
75%
Czech Republic
75%
Democratic Republic of the Congo
75%
Denmark
75%
Djibouti
75%
Dominica
75%
Dominican Republic
75%
Dubai
75%
Easter Island
75%
Ecuador
75%
Egypt in Africa
75%
Egypt in Asia (Sinai Peninsula)
75%
El Salvador
75%
England
75%
Eritrea
75%
Estonia
75%
Ethiopia
75%
Faroe Islands
75%
France
75%
French Guiana
75%
French Polynesia (Tahiti, Tuamotu, Gambier)
75%
Gambia
75%
Georgia
75%
Germany
75%
Ghana
75%
Greece
75%
Grenada
75%
Guatemala
75%
Guernsey and Deps. (Alderney, Herm, Sark, Channel Islands)
75%
Guyana
75%
Haiti
75%
Hawaiian Islands
75%
Honduras
75%
Iceland
75%
India
75%
Indonesia
75%
Iran
75%
Iraq
75%
Ireland
75%
Isle of Man
75%
Israel
75%
Italy
75%
Jamaica
75%
Japan
75%
Jordan
75%
Kaliningrad
75%
Kazakhstan
75%
Kenya
75%
Kosovo
75%
Kuwait
75%
Kyrgyzstan
75%
Laos
75%
Latvia
75%
Lebanon
75%
Lesotho
75%
Libya
75%
Line/Phoenix Islands (Palmyra, Fanning, Christmas, Kanton, Enderbury, Howland)
75%
Madagascar
75%
Madeira
75%
Malawi
75%
Malaysia
75%
Maldive Islands
75%
Mali
75%
Mauritania
75%
Mauritius and Deps. (Agalega, St. Brandon)
75%
Mayotte
75%
Mexico
75%
Monaco
75%
Mongolia
75%
Montenegro
75%
Morocco
75%
Myanmar
75%
Netherlands
75%
New Zealand
75%
Niger
75%
Nigeria
75%
Norfolk Island
75%
Northern Cyprus
75%
North Korea
75%
Pakistan
75%
Palestine
75%
Panama
75%
Papua New Guinea
75%
Paraguay
75%
Peru
75%
Pitcairn Island
75%
Poland
75%
Portugal
75%
Puerto Rico
75%
Qatar
75%
Republic of the Congo
75%
Romania
75%
Russia
75%
Rwanda
75%
Ryukyu Islands (Okinawa)
75%
Saint Barthélemy
75%
Saint Kitts and Nevis
75%
Saint Lucia
75%
Saint Pierre and Miquelon
75%
Saint Vincent and the Grenadines
75%
San Marino
75%
Sardinia
75%
Saudi Arabia
75%
Scotland
75%
Senegal
75%
Serbia
75%
Seychelles
75%
Sharjah
75%
Sicily
75%
Sierra Leone
75%
Singapore
75%
Slovakia
75%
Slovenia
75%
Somalia
75%
South Africa
75%
South Korea
75%
South Sudan
75%
Spain
75%
Spanish Morocco (Ceuta, Melila)
75%
Spitsbergen (Svalbard, Bear Island)
75%
Sri Lanka
75%
Sudan
75%
Sulawesi
75%
Sumatra
75%
Suriname
75%
Swaziland
75%
Syria
75%
Tajikistan
75%
Tanzania
75%
Thailand
75%
Transnistria
75%
Trinidad and Tobago
75%
Tristan da Cunha
75%
Tunisia
75%
Turkey in Asia (Anatolia, Ankara, Izmir)
75%
Turkey in Europe (Istanbul)
75%
Turkmenistan
75%
Tuvalu (Ellice Islands, Funafuti, Vaitapu)
75%
Uganda
75%
Ukraine
75%
United States (continental)
75%
U.S Virgin Islands
75%
Uzbekistan
75%
Vatican City
75%
Vietnam
75%
Wales
75%
Yemen
75%
Zanzibar
75%
Abkhazia
50%
Ajman
50%
Andaman-Nicobar Islands
50%
Aruba
50%
Balearic Islands (Mallorca, Minorca)
50%
Bangladesh
50%
Bermuda
50%
Bhutan
50%
Bonaire
50%
Bosnia and Herzegovina
50%
Botswana
50%
Brazil
50%
Cameroon
50%
Cape Verde Islands
50%
Cook Islands (Rarotonga, Aitutaki, Penrhyn)
50%
Crete
50%
Cuba
50%
Curacao
50%
Dodecanese Islands (Rhodes)
50%
Equatorial Guinea (Bioko Island)
50%
Equatorial Guinea (Rio Muni)
50%
Federated States of Micronesia
50%
Fiji Islands
50%
Gabon
50%
Guinea
50%
Guinea-Bissau
50%
Hong Kong
50%
Hungary
50%
Ionian Islands (Corfu, etc.)
50%
Ivory Coast
50%
Java
50%
Jeju Island
50%
Kalimantan (Indonesian Borneo)
50%
Kiribati (Gilberts, Tarawa, Ocean Island)
50%
Lakshadweep
50%
Leeward Islands
50%
Liberia
50%
Luxembourg
50%
Macau
50%
Macedonia
50%
Malta
50%
Marquesas Islands
50%
Marshall Islands
50%
Moldova
50%
Namibia
50%
Nauru
50%
Nepal
50%
Niue
50%
Northern Ireland
50%
Oman
50%
Palau
50%
Philippines
50%
Prince Edward Island
50%
Ras Al Khaimah
50%
Rodrigues Island
50%
Sabah
50%
Saint Helena
50%
Sao Tome and Principe
50%
Sarawak
50%
Sikkim
50%
Solomon Islands (Guadalcanal, New Georgia, Tulagi)
50%
Somaliland
50%
Srpska
50%
Taiwan
50%
Tasmania
50%
Tibet
50%
Tonga
50%
Turks and Caicos Islands
50%
Uruguay
50%
Vanuatu
50%
Wallis and Futuna Islands
50%
Western Sahara
50%
Zambia
50%
Zimbabwe
50%
American Samoa
25%
Bonin Islands
25%
Brunei
25%
Falkland Islands
25%
Fujeirah
25%
Galapagos Islands
25%
Gibraltar
25%
Guadeloupe and Deps.(Marie Galante)
25%
Guam
25%
Hainan Island
25%
Juan Fernandez Islands (Robinson Crusoe Island)
25%
Kashmir
25%
Lampedusa
25%
Lesser Sunda Islands (Bali,Timor)
25%
Lord Howe Island
25%
Martinique
25%
Midway Island
25%
Montserrat
25%
Nakhchivan
25%
New Caledonia and Deps. (Loyalty Islands)
25%
Northern Marianas
25%
Nueva Esparta (Margarita Island)
25%
Samoa
25%
San Andres and Providencia
25%
Siberia (Russia in Asia)
25%
South Georgia and the South Sandwich Islands
25%
Timor-Leste
25%
Tokelau Islands (Fakaofu, Atafu, Union)
25%
Umm Al Qaiwain
25%
Fernando de Noronha
0%
Guadalcanal
0%
Maluku Islands
0%
Papua (Irian Jaya)
0%
Socotra
0%
No matching quizzes found
Score Distribution
Percent of People with Each Score
Percentile by Number Answered
Your Score History
You have not taken this quiz